فاعلية برنامج تدريبي لتنمية مهارات التآزر البصري الحركي لدى الطلبة ذوي صعوبات التعلم = The Effectiveness of a Training Program to Develop Visual-motor Synergy Skills among Student with Learning Disabilities / (Record no. 33335)
[ view plain ]
| 000 -LEADER | |
|---|---|
| fixed length control field | 01151nam a22002057a 4500 |
| 003 - CONTROL NUMBER IDENTIFIER | |
| control field | JO-AjAnu |
| 005 - DATE AND TIME OF LATEST TRANSACTION | |
| control field | 20240605133445.0 |
| 008 - FIXED-LENGTH DATA ELEMENTS--GENERAL INFORMATION | |
| fixed length control field | 240324b jo ||||| |||| 00| 0 ara d |
| 040 ## - CATALOGING SOURCE | |
| Transcribing agency | JO-AjAnu |
| Language of cataloging | ara |
| Original cataloging agency | JO-AjAnu |
| 041 #0 - LANGUAGE CODE | |
| Language code of text/sound track or separate title | ara |
| Language code of sung or spoken text | ara |
| 082 ## - DEWEY DECIMAL CLASSIFICATION NUMBER | |
| Classification number | LC4704 |
| Item number | 2024 |
| 100 ## - MAIN ENTRY--PERSONAL NAME | |
| Personal name | أبو صيني، ياسين محمد أحمد |
| Relator term | مؤلف |
| 9 (RLIN) | 65116 |
| 245 ## - TITLE STATEMENT | |
| Title | فاعلية برنامج تدريبي لتنمية مهارات التآزر البصري الحركي لدى الطلبة ذوي صعوبات التعلم = The Effectiveness of a Training Program to Develop Visual-motor Synergy Skills among Student with Learning Disabilities / |
| Statement of responsibility, etc. | اعداد ياسين محمد أحمد ابو صيني ؛ اشراف فيصل عيسى النواصرة |
| 260 ## - PUBLICATION, DISTRIBUTION, ETC. | |
| Date of publication, distribution, etc. | 2024 |
| 300 ## - PHYSICAL DESCRIPTION | |
| Extent | 109 ورقة |
| 500 ## - GENERAL NOTE | |
| General note | رسالة جامعية (ماجستير) - تخصص التربية الخاصة-صعةبات التعلم / كلية العلوم التربوية، 2024 |
| 650 ## - SUBJECT ADDED ENTRY--TOPICAL TERM | |
| Form subdivision | صعوبات التعلم - مهارات التأزر البصري الحركي |
| 700 ## - ADDED ENTRY--PERSONAL NAME | |
| Personal name | النواصرة، فيصل عيسى. |
| Relator term | مشرف |
| 9 (RLIN) | 65078 |
| 942 ## - ADDED ENTRY ELEMENTS (KOHA) | |
| Source of classification or shelving scheme | Library of Congress Classification |
| Koha item type | Thesis |
| Suppress in OPAC | No |
| Withdrawn status | Lost status | Source of classification or shelving scheme | Damaged status | Not for loan | Home library | Current library | Date acquired | Total Checkouts | Full call number | Barcode | Date last seen | Price effective from | Koha item type |
|---|---|---|---|---|---|---|---|---|---|---|---|---|---|
| Library of Congress Classification | مكتبة جامعة عجلون الوطنية | مكتبة جامعة عجلون الوطنية | 24/03/2024 | LC4704.2024 | A29805 | 24/03/2024 | 24/03/2024 | Thesis | |||||
| Library of Congress Classification | مكتبة جامعة عجلون الوطنية | مكتبة جامعة عجلون الوطنية | 24/03/2024 | LC4704.2024 | A29804 | 24/03/2024 | 24/03/2024 | Thesis |